Normal view
MARC view
Entry Topical Term
001 - CONTROL NUMBER
- control field: 246762
003 - CONTROL NUMBER IDENTIFIER
- control field: OSt
005 - DATE AND TIME OF LATEST TRANSACTION
- control field: 20251125110742.0
008 - FIXED-LENGTH DATA ELEMENTS
- fixed length control field: 251125|| aca||aabn | a|a d
040 ## - CATALOGING SOURCE
- Original cataloging agency: OSt
- Transcribing agency: OSt
150 ## - HEADING--TOPICAL TERM
- Topical term or geographic name entry element: Amplifying human capabilities
670 ## - SOURCE DATA FOUND
- Source citation: Work cat.: (OSt)180537: Mishkoff, Henry C. 246760, Understanding artificial intelligence /, 1986.